Every Will & Jim - Statistics

General Stats
  • This quiz has been taken 9 times
  • The average score is 18 of 57
Answer Stats
Answer % Correct
British men try mexican snacks
100%
British men try german snacks
80%
British men try sour candy
80%
British men try swedish snacks
80%
British men try american cereal
60%
I bought the rarest cereals
60%
We bought 100 lost amazon packages
60%
We mixed every prime into one drink
60%
Will and james watch telly
60%
1 vs 1000 advent calendar
40%
Can we beat the game made for geniuses
40%
Opening 100 christmas presents
40%
Trying the rarest limited edition snacks
40%
We bought banned amazon products
40%
We bought banned kids toys
40%
We bought every shark tank product
40%
We bought lost luggage for cheap
40%
We melted every chocolate bar into one
40%
We ranked australian snacks
40%
We ranked british cereal
40%
We reviewed conspiracy theories
40%
We spent 1000 on fake temu products
40%
We spent 1000 on police evidence
40%
We tested temu vs wish products
40%
We tried 1 star halloween costumes
40%
We tried every christmas food
40%
We tried every coffee shop in my city
40%
We tried real vs fake celebrity products
40%
We watched teleshopping
40%
Will and James christmas cook off
40%
Youtuber products you didn't know existed
40%
1 vs 1000 christmas mystery boxes
20%
Do Will and James think the same
20%
Rating youtuber halloween costumes
20%
Running 1 meter every day, but every day it doubles
20%
We bought world's most futuristic tech products
20%
We ranked every fast food restaurant
20%
We spent 1000 on our subscribers' businesses
20%
We spent 1000 on temu products
20%
We spent 1000 on tiktok shop
20%
We tested viral tiktok myths
20%
We tried snacks that no longer exist
20%
We tried tiktok shop items that nobody bought
20%
Cheap vs expensive food
0%
Cooking using only as seen on tv products
0%
I spent 1000 on facebook marketplace
0%
We attemped 100 world records
0%
We bought 100 scam ads
0%
We bought the dumbest as seen on tv products
0%
We bought the internet's most useless gadgets
0%
We reviewed celebrity products again
0%
We spent 10000 on facebook marketplace
0%
We spent 1000 on temu again
0%
We tried the internet's weirdest candy
0%
Will and James review celebrity products
0%
Will and James watch every MrBeast video
0%
Youtubers send us mystery boxes
0%
No matching quizzes found
Score Distribution
Percent of People with Each Score
Percentile by Number Answered
Your Score History
You have not taken this quiz